000 00303nam a22001337a 4500
008 211019b ||||| |||| 00| 0 eng d
041 _aeng
080 _22nd
_a510
082 _a510
100 _a36
101 _aMAT
245 _aUniversity Calculus Early Transcendentals
_cHass,J
942 _2udc
_cBK
999 _c58289
_d58289